| 000 | 01431nam a2200361 i 4500 | ||
|---|---|---|---|
| 001 | 75172 | ||
| 003 | 0 | ||
| 005 | 20241217151204.0 | ||
| 006 | m o u | ||
| 007 | cr cn||||||||| | ||
| 008 | 220819s2020 sp o 000 0 spa d | ||
| 020 |
_a9788491818533 _q(digital) |
||
| 020 |
_z9788491818526 _q(impreso) |
||
| 035 | _a(OCoLC)1342052126 | ||
| 040 |
_aFINmELB _bspa _erda _cFINmELB |
||
| 050 | 4 |
_aML410.B4 _bB448 2020 |
|
| 080 | _a78 Beethoven, Ludwig van | ||
| 082 | 0 | 4 |
_a780.924 _223 |
| 245 | 0 | 0 |
_aBeethoven contado a través de sus contemporáneos / _cO. G. Sonneck (ed.) ; traducción de Ana Pérez Galván. |
| 264 | 1 |
_aMadrid : _bAlianza, _c2020. |
|
| 300 | _a1 recurso en línea (275 páginas) | ||
| 336 |
_atexto _btxt _2rdacontent/spa |
||
| 337 |
_acomputadora _bc _2rdamedia/spa |
||
| 338 |
_arecurso en línea _bcr _2rdacarrier/spa |
||
| 588 | _aDescripción basada en metadatos suministrados por el editor y otras fuentes. | ||
| 590 | _aRecurso electrónico. Santa Fe, Arg.: elibro, 2022. Disponible vía World Wide Web. El acceso puede estar limitado para las bibliotecas afiliadas a elibro. | ||
| 650 | 4 |
_aBeethoven, Ludwig van, _d1770-1827 _xCrítica e interpretación. |
|
| 655 | 4 | _aLibros electrónicos. | |
| 700 | 1 |
_aSonneck, Oscar George Theodore, _eeditor literario. |
|
| 797 | 2 | _aelibro, Corp. | |
| 856 | 4 | 0 | _uhttps://elibro.net/ereader/politecnicointernacional/216588 |
| 942 | _cLIBROS | ||
| 999 |
_c75172 _d75172 |
||